The bioarchaeology of violence /

Human violence is an inescapable aspect of our society and culture. As the archaeological record clearly shows, this has always been true. What is its origin? What role does it play in shaping our behavior? How do ritual acts and cultural sanctions make violence acceptable? These and other questions...

Full description

Bibliographic Details
Other Authors: Martin, Debra L., Harrod, Ryan P., Pérez, Ventura R.
Format: Book
Language:English
Published: Gainesville : University Press of Florida, [2012]
Series:Bioarchaeological interpretations of the human past.
Subjects:

MARC

Tag First Indicator Second Indicator Subfields
LEADER 00000cam a2200000Ia 4500
001 in00002783325
005 20191026063504.0
008 110825s2012 fluab b 001 0 eng d
020 |a 9780813041506 
020 |a 0813041503 
035 |a (OCoLC)ocn748330847 
040 |a BTCTA  |c BTCTA  |d BDX  |d YDX  |d YAM  |d BWX  |d CDX  |d MUU  |d UtOrBLW 
049 |a TXAM 
082 0 |a 303.6 
090 |a CC79.5.H85  |b B555 2012 
245 0 4 |a The bioarchaeology of violence /  |c edited by Debra L. Martin, Ryan P. Harrod, and Ventura R. Pérez ; foreword by Clark Spencer Larsen. 
264 1 |a Gainesville :  |b University Press of Florida,  |c [2012] 
264 4 |c ©2012 
300 |a xiii, 291 pages :  |b illustrations, maps ;  |c 24 cm. 
336 |a text  |b txt  |2 rdacontent 
337 |a unmediated  |b n  |2 rdamedia 
338 |a volume  |b nc  |2 rdacarrier 
490 1 |a Bioarchaeological interpretations of the human past : local, regional, and global perspectives 
504 |a Includes bibliographical references and index. 
505 0 |a Introduction : bioarchaeology and the study of violence / Debra L. Martin, Ryan P. Harrod, and Ventura R. Pérez -- The politicization of the dead : violence as performance, politics as usual / Ventura R. Pérez -- The bioarchaeology of structural violence : a theoretical model and a case study / Haagen D. Klaus -- Deciphering violence in past societies : ethnography and the interpretation of archaeological populations / Ryan P. Harrod, Pierre Liénard, and Debra L. Martin -- The social and cultural implications of violence at Qasr Hallabat / Robert T. Montgomery and Megan Perry -- Community violence and everyday life : death at Arroyo Hondo / Ann M. Palkovich -- Bioarchaeological signatures of strife in terminal Pueblo III settlements in the northern San Juan / Kristin A. Kuckelman -- The space of war : connecting geophysical landscapes with skeletal evidence of warfare-related trauma / Heather Worne ... [et al.] -- Where are the warriors? : cranial trauma patterns and conflict among the ancient Maya / Vera Tiesler and Andrea Cucina -- Violence against women : differential treatment of local and foreign females in the heartland of the Wari empire, Peru / Tiffany A. Tung -- Meaning and the bioarchaeology of captivity, sacrifice, and cannibalism : a case study from the Mississippian period at Larson, Illinois / Mallorie A. Hatch -- Performances of imposed status : captivity at Cahokia / Kathryn M. Koziol -- Biological distance analysis in contexts of ritual violence / William N. Duncan -- Conclusion : implications and future directions / Ryan P. Harrod, Debra L. Martin, and Ventura R. Pérez. 
520 |a Human violence is an inescapable aspect of our society and culture. As the archaeological record clearly shows, this has always been true. What is its origin? What role does it play in shaping our behavior? How do ritual acts and cultural sanctions make violence acceptable? These and other questions are addressed by the contributors to The Bioarchaeology of Violence. Organized thematically, the volume opens by laying the groundwork for new theoretical approaches that move beyond interpretation; it then examines case studies from small-scale conflict to warfare to ritualized violence. Experts on a wide range of ancient societies highlight the meaning and motivation of past uses of violence, revealing how violence often plays an important role in maintaining and suppressing the challenges to the status quo, and how it is frequently a performance meant to be witnessed by others. The interesting and nuanced insights offered in this volume explore both the costs and the benefits of violence throughout human prehistory. 
650 0 |a Human remains (Archaeology) 
650 0 |a Violence  |x History. 
650 0 |a Wounds and injuries  |x History. 
650 0 |a Social archaeology. 
650 0 |a Rites and ceremonies. 
650 0 |a War and society  |x History. 
650 0 |a Prehistoric peoples. 
700 1 |a Martin, Debra L. 
700 1 |a Harrod, Ryan P. 
700 1 |a Pérez, Ventura R. 
830 0 |a Bioarchaeological interpretations of the human past. 
945 |a PromptCat  |b 99174 
946 |a stk 
947 |a A14836006104 
948 |a cataloged  |b h  |c 2012/11/27  |d c  |e dmitchel  |f 12:30:20 pm 
994 |a 92  |b TXA 
999 |a MARS 
999 f f |s b67b1e6d-11f6-3723-a7c3-8092274ae2ea  |i 84ce86d0-c2e0-3487-a1bb-ae28b79fa507  |t 0 
952 f f |p normal  |a Texas A&M University  |b College Station  |c Sterling C. Evans Library  |d Evans: Library Stacks  |t 0  |e CC79.5.H85 B555 2012  |h Library of Congress classification  |i unmediated -- volume  |m A14836006104 
998 f f |a CC79.5.H85 B555 2012  |t 0  |l Evans: Library Stacks